Statistiques concernant voitures (extrême)

Cliquez ici pour prendre le quiz!

Statistiques générales

  • Ce quiz a été pris 1 353 fois
  • Le résultat moyen est 6 sur 40

Statistiques - réponses

Réponse% Correct
Brabus
88%
KTM
88%
Koenigsegg
74%
Dodge
71%
TVR
47%
DS automobile
37%
Pininfarina
23%
Saleen
22%
apollo
21%
Detomasso
16%
W motors
12%
hennessey
11%
zenvo
11%
Noble
8%
Ultima
7%
Glickenhaus
5%
ssc
4%
nio
3%
Arash
2%
aspark
2%
Italdesign
2%
Praga
2%
spania GTA
2%
apex
1%
Arrinera
1%
Exotic Rides
1%
Genty
1%
icona
1%
mazzanti
1%
Naran
1%
Rezvani
1%
trion
1%
VLF
1%
Artega
0%
Bolwell
0%
inferno automobili
0%
Puritalia
0%
Toroidion
0%
Tushek
0%
Vision
0%

Distribution des résultats

Percentile par nombre de réponses

% des personnes avec chaque résultat

Votre développement - résultats

Vous n’avez pas pris ce quiz